Сочинения И.И. Дмитриева. Ч. 2: [Смесь | Песни | Сказки] (Запись № 5102599)

Подробности
000 -МАРКЕР
контрольное поле 01135nam2a22003011 4500
001 - ИДЕНТИФИКАТОР ЗАПИСИ
контрольное поле v19\rc\2100140
005 - ИДЕНТИФИКАТОР ВЕРСИИ
контрольное поле 20250620044001.0
035 ## - ДРУГИЕ СИСТЕМНЫЕ НОМЕРА
Идентификатор записи (NLR Aleph) 005176182
100 ## - ДАННЫЕ ОБЩЕЙ ОБРАБОТКИ
Данные общей обработки 20090914d1814 |||y0rusy50 ca
101 0# - ЯЗЫК РЕСУРСА
Язык текста, звукозаписи и т.д. русский
102 ## - СТРАНА ПУБЛИКАЦИИ ИЛИ ПРОИЗВОДСТВА
Страна публикации Российская Федерация
105 ## - ПОЛЕ КОДИРОВАННЫХ ДАННЫХ: ТЕКСТОВЫЕ МАТЕРИАЛЫ, МОНОГРАФИЧЕСКИЕ
Кодированные данные о монографическом текстовом документе y z |||||
200 1# - ЗАГЛАВИЕ И СВЕДЕНИЯ ОБ ОТВЕТСТВЕННОСТИ
Основное заглавие [Смесь
-- Песни
-- Сказки]
210 ## - ПУБЛИКАЦИЯ, РАСПРОСТРАНЕНИЕ И ДР.
Место издания, распространения и т.д. Москва
Имя издателя, распространителя и т. д. в типографии С. Селивановскаго
Дата издания, распространения и т.д. 1814
215 ## - ФИЗИЧЕСКАЯ ХАРАКТЕРИСТИКА
Специфическое обозначение материала и объем [6], 146 с.
461 #0 - УРОВЕНЬ НАБОРА
Встроенное поле 001v19\rc\2100138
-- 2001#$aСочинения И.И. Дмитриева$vЧ. 2
Системный номер (АБИС) связанной записи 5102588
Автор Дмитриев, И.И. (1760-1837)
Место публикации Москва
Дата публикации 1814
Издание Издание четвертое
Имя издателя, распространителя и т.д. в типографии С. Селивановскаго
Физическая характеристика 3 т.
Заглавие Сочинения И.И. Дмитриева
Номер тома Ч. 2
540 1# - ДОПОЛНИТЕЛЬНОЕ ЗАГЛАВИЕ, ПРИМЕНЯЕМОЕ КАТАЛОГИЗАТОРОМ
Заглавие Смесь
801 #0 - ИСТОЧНИК ЗАПИСИ
Страна Российская Федерация
Организация NLR
Правила каталогизации psbo
801 #1 - ИСТОЧНИК ЗАПИСИ
Страна Российская Федерация
Организация ProSoft-M
Источник данных rusmarc
801 #2 - ИСТОЧНИК ЗАПИСИ
Страна Российская Федерация
Организация NLR
Дата составления 20150209
Источник данных rusmarc
852 ## - МЕСТОНАХОЖДЕНИЕ И ШИФР ХРАНЕНИЯ
Идентификатор организации NLR
Шифр хранения (Call Number) 18.48.3.8(ч.2)
852 ## - МЕСТОНАХОЖДЕНИЕ И ШИФР ХРАНЕНИЯ
Идентификатор организации NLR
Шифр хранения (Call Number) 140/2(ч.2)
852 ## - МЕСТОНАХОЖДЕНИЕ И ШИФР ХРАНЕНИЯ
Идентификатор организации NLR
Наименование фонда или коллекции (Sub-Location Identifier) РЗФ
Шифр хранения (Call Number) 18 в. 5/65 (ч.2)
852 ## - МЕСТОНАХОЖДЕНИЕ И ШИФР ХРАНЕНИЯ
Идентификатор организации NLR
Наименование фонда или коллекции (Sub-Location Identifier) РЗФ
Шифр хранения (Call Number) 18 в. 5/65 (ч.2)а
942 ## - ДОПОЛНИТЕЛЬНЫЕ ЭЛЕМЕНТЫ ЗАПИСИ (АБИС)
Тип экземпляра АБИС Книга
980 ## - КОЛЛЕКЦИЯ
Название коллекции Национальная библиография
Экземпляры
Тип экземпляра Дата поступления Библиотека постоянного хранения Библиотека текущего хранения Место хранения Шифр хранения Штрих-код Статус экземпляра
Книга 13.12.2024 РНБ (Московский) РНБ (Московский) Резервный фонд РЗФ 18 в. 5/65 (ч.2) 5176182-30  
Книга 13.12.2024 РНБ (Московский) РНБ (Московский) Резервный фонд РЗФ 18 в. 5/65 (ч.2)а 5176182-40  
Книга 26.10.2013 РНБ (Садовая) РНБ (Садовая) Русский книжный фонд -Главное здание, Ленинский читальный зал 18.48.3.8(ч.2) 5176182-10  
Книга 26.10.2013 РНБ (Садовая) РНБ (Садовая) Русский книжный фонд -Главное здание, Ленинский читальный зал 140/2(ч.2) 5176182-20